000
00332nam a2200157Ia 4500
008
210210b1921 xxu||||| |||| 00| 0 eng d
041
_a
eng
082
_a
590/73
100
_a
EALAND (C A)
245
_a
Insect life
260
_a
London
_b
-
_c
1921
650
_a
life
650
_a
Insect
690
_a
Zoology
906
_a
010647
999
_c
138414
_d
138414